| 000 | 00000nam##2200000za#4500 |
| 001 | 9.698481 |
| 003 | CaOODSP |
| 005 | 20220901140053 |
| 007 | cr ||||||||||| |
| 008 | 150407|2004||||xxc|||||o f|0| 0 eng|d |
| 040 | |aCaOODSP|beng |
| 043 | |an-cn--- |
| 086 | 1 |aJ4-29/2004E-PDF |
| 110 | 1 |aCanada.|bJustice Canada. |
| 245 | 14|aThe Youth Criminal Act - summary and background |h[electronic resource] |
| 260 | |aOttawa - Ontario : |bJustice Canada |c[2004]. |
| 300 | |a21p.|bfigs., tables |
| 590 | |a13-22-Supp|b2013-09-26 |
| 690 | 07|aPolice services|2gcpds |
| 690 | 07|aYoung offenders|2gcpds |
| 775 | 08|tLa Loi sur le système de justice pénale pour les adolescents - toile de fond / |w(CaOODSP)9.642488 |
| 856 | 40|ahttp://publications.gc.ca|qPDF|s202 KB|uhttps://publications.gc.ca/collections/collection_2013/jus/J4-29-2004-eng.pdf |